00662nam a22002177a 4500003000500000005001700005008004100022010001000063011001000073035001000083040000900093082001600102100002100118245010000139260003600239300003000275490004700305650001900352650002600371830004700397CHAP20220329135517.0971013s1973 uk a r 00010 eng d a37808 a38780 a42900 cCHAP04a574.196bM500aMilborrow, B. V.1 aBiosynthesis and its control in plantsb: proceedings of the Phytochemical Society Symposium... aLondon :bAcademic Press,c1973 a369 p.b: ilus. ; gráfs aPhytochemical Society Symposia Seriesv; 914aBiosíntesis.14aFisiología vegetal.0 aPhytochemical Society Symposia Seriesv; 9